000 00448nam a2200205Ia 4500
003 IT-RoPAU
008 120407s9999 xx 000 0 und d
040 _aIT-RoPAU
040 _cIT-RoPAU
041 _aita
100 _aRoberto Mazzetti
245 _aLa “Lettera a una professoressa” e i suoi problemi.
260 _aMorano
260 _c1972
300 _a353 p.
300 _c24 cm
490 _v1
942 _cBK
999 _c33254
_d33254